| LDR | 00000nam c2200205 k 4500 | |
|---|---|---|
| 001 | 000000341320 | |
| 005 | 20260429153602 | |
| 007 | ta | |
| 008 | 260407s2025 ulkad r 001a kor | |
| 020 | ▼a 9788999734175 ▼g 93370 : ▼c \18000 | |
| 040 | ▼a 248032 ▼c 248032 ▼d 248032 | |
| 049 | 0 | ▼l EM111960 ▼v 5 ▼l EM111961 ▼v 5 ▼c 2 |
| 056 | ▼a 670.7 ▼2 4 | |
| 090 | ▼a 670.7 ▼b 한16ㅎ | |
| 245 | 20 | ▼a 한국음악교육학회 학술총서. ▼n 5 ▼p 포스트휴먼 시대, 음악교육의 갈 길을 묻다 = ▼x Exploring The Direction Of Music Education In The Posthuman Era / ▼d 한국음악교육학회 ; ▼e 최은아, ▼e 권수미, ▼e 김경태, ▼e 김경화, ▼e 김민지, ▼e 김성지, ▼e 김영후, ▼e 박은경, ▼e 박지현, ▼e 오한나, ▼e 윤관기, ▼e 이선미, ▼e 임은정, ▼e 정윤정, ▼e 차동주, ▼e 최진경, ▼e 최진호, ▼e 추상희 공저 |
| 250 | ▼a 1판 | |
| 260 | ▼a 서울 : ▼b 학지사, ▼c 2025 | |
| 300 | ▼a 258 p. : ▼b 천연색삽화, 도표 ; ▼c 24 cm | |
| 490 | 10 | ▼a 한국음악교육학회 학술총서 ; ▼v 05 |
| 504 | ▼a 참고문헌(p. 239-253) 및 색인(p. 255-258) 수록 | |
| 653 | ▼a 음악교육 ▼a AI 음악교육 ▼a 포스트휴먼 음악교육 | |
| 700 | 1 | ▼a 최은아, ▼e 저 |
| 700 | 1 | ▼a 권수미, ▼e 공저 |
| 700 | 1 | ▼a 김경태, ▼e 공저 |
| 700 | 1 | ▼a 김경화, ▼e 공저 |
| 700 | 1 | ▼a 김민지, ▼e 공저 |
| 700 | 1 | ▼a 김성지, ▼e 공저 |
| 700 | 1 | ▼a 김영후, ▼e 공저 |
| 700 | 1 | ▼a 박은경, ▼e 공저 |
| 700 | 1 | ▼a 박지현, ▼e 공저 |
| 700 | 1 | ▼a 오한나, ▼e 공저 |
| 700 | 1 | ▼a 윤관기, ▼e 공저 |
| 700 | 1 | ▼a 이선미, ▼e 공저 |
| 700 | 1 | ▼a 임은정, ▼e 공저 |
| 700 | 1 | ▼a 정윤정, ▼e 공저 |
| 700 | 1 | ▼a 차동주, ▼e 공저 |
| 700 | 1 | ▼a 최진경, ▼e 공저 |
| 700 | 1 | ▼a 최진호, ▼e 공저 |
| 700 | 1 | ▼a 추상희, ▼e 공저 |
| 710 | 2 | ▼a 한국음악교육학회 |
| 830 | ▼a 한국음악교육학회 학술총서 ; ▼v 05 | |
| 950 | 0 | ▼b \18000 |
| 990 | ▼a 관리자2 ▼b 관리자2 |